000 01717 a2200265 4500
001 54259
005 20260407155813.0
008 260407a1963 arg spa d
003 AR-UNSa-BCEJYS
040 _aAR-UNSa-BCEJYS
_bspa
_cAR-UNSa-BCEJYS
080 _a330.342.172
_xEconomía libre. Laissez-faire (Economía de Mercado)
245 1 0 _aLa economía de mercado
264 1 _aMadrid :
_bSociedad de Estudios y Publicaciones
_c1963
300 _a2 v. (299 ; 273 p.)
_c20 cm.
505 _aTomo I: 1. El problema político de la ordenación – 2. Las ordenaciones económicas desde el punto de vista social – 3. Posibilidades y límites de la dirección económica – 4. Técnica, concentración y ordenación de la economía – 5. Sistema económico y orden internacional Prolegómenos – 6. Perdidas económicas aparentes en caso de entrada de nuevos competidores en el mercado – 7. Objeciones al orden de la competencia -- Tomo II: 1. Economía de mercado y política económica - 2. Historia económica y pensamiento político - 3. La economía de mercado ante el pensamiento católico - 4. La opinión pública a la luz de los principios del liberalismo - 5. Balance provisional de la integración económica europea, examen crítico - 6. La financiación del progreso técnico - 7. Oferta de dinero y variaciones de los precios y de la producción - 8. Las causas de la constante amenaza a la libertad
041 _aspa
942 _cBK
590 _aniveau_biblio:m niveau_hierar:0
100 1 _aEucken, Walter
700 1 _aMüller- Armack, Alfred
700 1 _aStackelberg, Heinrich Freiherr von
700 1 _aRöpke, Wilhelm
700 1 _aMachlup, Fritz
700 1 _aLutz, Friedrich A.
999 _c5429
_d5429